[Event "Dhaka"]
[Site "Dhaka"]
[Date "1995.??.??"]
[Round "1"]
[White "Hebden, Mark"]
[Black "Rahman, Zillur"]
[Result "1-0"]
[WhiteElo "2550"]
[BlackElo "2320"]
[PlyCount "107"]
[EventDate "1995.??.??"]
[EventType "tourn"]
[EventRounds "13"]
[EventCountry "BAN"]
[EventCategory "9"]
[SourceTitle "CBM 048"]
[Source "ChessBase"]
[SourceDate "1995.10.01"]
[SourceVersion "1"]
[SourceVersionDate "1995.10.01"]
[SourceQuality "1"]

1. d4 d5 2. c4 Bf5 3. cxd5 Bxb1 4. Qa4+ c6 5. Rxb1 Qxd5 6. Nf3 Nd7 7. a3 Ngf6 8. e3 e6 9. Qc2 Bd6 10. Bd3 Qh5 11. Bd2 0-0 12. h3 c5 13. 0-0 g5 14. e4 g4 15. hxg4 Nxg4 16. e5 Be7 17. Bb5 Rad8 18. Bf4 Kh8 19. Bxd7 Rxd7 20. dxc5 f6 21. Rfe1 fxe5 22. Bg3 Bf6 23. Re4 Rg7 24. Qe2 Rg6 25. Nh2 Rfg8 26. Re1 Qf5 27. Nxg4 Rxg4 28. Rxg4 Qxg4 29. Qxg4 Rxg4 30. Bxe5 Kg7 31. Bxf6+ Kxf6 32. Re3 Rc4 33. Rb3 Rxc5 34. Rxb7 a5 35. Rxh7 Rc1+ 36. Kh2 Rc2 37. Rh6+ Kf7 38. f3 Rxb2 39. Rh5 Kf6 40. Rxa5 e5 41. Kh3 Kf5 42. Ra8 Re2 43. a4 e4 44. fxe4+ Rxe4 45. g4+ Kg6 46. Kh4 Re1 47. Ra6+ Kg7 48. Kh5 Rh1+ 49. Kg5 Rc1 50. Ra7+ Kg8 51. a5 Rc5+ 52. Kh6 Rc6+ 53. Kh5 Rc5+ 54. g5 1-0

[Event "Dhaka"]
[Site "Dhaka"]
[Date "1995.??.??"]
[Round "4"]
[White "Magomedov, Magaram"]
[Black "Rahman, Zillur"]
[Result "1-0"]
[WhiteElo "2455"]
[BlackElo "2320"]
[PlyCount "117"]
[EventDate "1995.??.??"]
[EventType "tourn"]
[EventRounds "13"]
[EventCountry "BAN"]
[EventCategory "9"]
[SourceTitle "CBM 048"]
[Source "ChessBase"]
[SourceDate "1995.10.01"]
[SourceVersion "1"]
[SourceVersionDate "1995.10.01"]
[SourceQuality "1"]

1. e4 e6 2. d4 d5 3. Nd2 Nf6 4. Bd3 c5 5. e5 Nfd7 6. c3 Nc6 7. Ne2 cxd4 8. cxd4 Qb6 9. Nf3 f6 10. exf6 Nxf6 11. 0-0 Bd6 12. Nc3 0-0 13. Bg5 Kh8 14. Kh1 Bd7 15. Na4 Qd8 16. Rc1 Qe8 17. Nc5 Qh5 18. Bxf6 Rxf6 19. h3 Bc8 20. Be2 Qh6 21. Rc3 Qf4 22. Bb5 Ne7 23. Nd3 Qh6 24. Nde5 Rf8 25. Ng4 Qf4 26. Nfe5 Nf5 27. Rf3 Qg5 28. Bd3 h5 29. Ne3 Bxe5 30. dxe5 g6 31. Bxf5 gxf5 32. Rg3 Qh6 33. f4 Rg8 34. Rxg8+ Kxg8 35. Qa4 Qg6 36. Rc1 Qf7 37. Qb4 Qd7 38. Nf1 h4 39. Nd2 b6 40. Nf3 Ba6 41. Qe1 Rc8 42. Rxc8+ Bxc8 43. Qxh4 d4 44. Qg5+ Kf8 45. Qf6+ Kg8 46. Ng5 d3 47. Qg6+ Qg7 48. Qxg7+ Kxg7 49. Nf3 Bb7 50. Nd2 Kf8 51. Kg1 Ke7 52. Kf2 Kd8 53. g3 Bc6 54. Ke3 Bg2 55. h4 Be4 56. Nxe4 fxe4 57. h5 Ke7 58. h6 Kf7 59. f5 1-0

[Event "Dhaka"]
[Site "Dhaka"]
[Date "1995.??.??"]
[Round "3"]
[White "Reefat, Bin Sattar"]
[Black "Rahman, Zillur"]
[Result "1-0"]
[WhiteElo "2430"]
[BlackElo "2320"]
[PlyCount "59"]
[EventDate "1995.??.??"]
[EventType "tourn"]
[EventRounds "13"]
[EventCountry "BAN"]
[EventCategory "9"]
[SourceTitle "CBM 048"]
[Source "ChessBase"]
[SourceDate "1995.10.01"]
[SourceVersion "1"]
[SourceVersionDate "1995.10.01"]
[SourceQuality "1"]

1. e4 e6 2. d4 d5 3. e5 b6 4. h4 Qd7 5. Nc3 Ba6 6. Bxa6 Nxa6 7. h5 c5 8. Nf3 h6 9. a4 Ne7 10. a5 Nc6 11. Qe2 Nab4 12. axb6 Nxd4 13. Nxd4 cxd4 14. Nd1 Qc6 15. Rxa7 Nxc2+ 16. Qxc2 Qxc2 17. Rxa8+ Kd7 18. Ra7+ Kd8 19. 0-0 Qc6 20. Bd2 Bc5 21. Ba5 Bxb6 22. Bxb6+ Qxb6 23. Ra8+ Ke7 24. Rxh8 f6 25. exf6+ Kxf6 26. f4 Kf5 27. Rf8+ Ke4 28. Rf3 d3+ 29. Nf2+ Kd4 30. Rc8 1-0

[Event "Goodricke op 05th"]
[Site "Kolkata"]
[Date "1994.??.??"]
[Round "4"]
[White "Rahman, Zillur"]
[Black "Barua, Dibyendu"]
[Result "1-0"]
[WhiteElo "2295"]
[BlackElo "2510"]
[PlyCount "136"]
[EventDate "1994.02.??"]
[EventType "swiss"]
[EventRounds "11"]
[EventCountry "IND"]
[SourceTitle "CBM 039 Extra"]
[Source "ChessBase"]
[SourceDate "1994.05.01"]
[SourceVersion "1"]
[SourceVersionDate "1994.05.01"]
[SourceQuality "1"]

1. e4 d6 2. d4 Nf6 3. Nc3 Nbd7 4. f4 e5 5. Nf3 c6 6. dxe5 dxe5 7. Nxe5 Nxe5 8. Qxd8+ Kxd8 9. fxe5 Nd7 10. Bf4 Nc5 11. Bc4 Be6 12. Bxe6 Nxe6 13. 0-0-0+ Ke8 14. Bg3 h5 15. Rhf1 h4 16. Bf2 Rh5 17. Rd3 Bb4 18. Rf3 Rxe5 19. Rxf7 Bxc3 20. bxc3 Kxf7 21. Bd4+ Kg6 22. Bxe5 Ng5 23. Rd1 Re8 24. Rd6+ Kf7 25. Bd4 Re7 26. Bxa7 Nxe4 27. Rd3 g5 28. Rf3+ Kg6 29. Bb8 Re8 30. Bc7 Nf6 31. c4 Re2 32. Rb3 Ng4 33. h3 Ne3 34. g3 Nxc4 35. Kd1 Re7 36. Bb8 b5 37. gxh4 gxh4 38. Bf4 Kf5 39. Bc1 Ke4 40. Ke2 Rg7 41. Kf2 Rf7+ 42. Ke2 Ra7 43. a3 Re7 44. Bg5 Rh7 45. a4 Kf5 46. Bc1 Re7+ 47. Kf2 bxa4 48. Rb4 Re4 49. Rxa4 Ke6 50. Bg5 Kd5 51. Ra8 Ne5 52. Rd8+ Ke6 53. Rh8 Rc4 54. Rxh4 Rxc2+ 55. Ke3 c5 56. Ra4 Kd5 57. h4 Rc3+ 58. Kf2 c4 59. Ra1 Rf3+ 60. Kg2 Rf8 61. Kg3 c3 62. Kg2 c2 63. Rf1 Re8 64. Kh3 Rg8 65. Re1 Rc8 66. h5 Kc4 67. h6 Nf7 68. Rc1 Kd3 1-0

[Event "Kolkata op2"]
[Site "Kolkata"]
[Date "1994.??.??"]
[Round "?"]
[White "Rahman, Zillur"]
[Black "Ganguly, Surya Shekhar"]
[Result "1/2-1/2"]
[WhiteElo "2295"]
[BlackElo "2130"]
[PlyCount "90"]
[EventDate "1994.??.??"]
[EventType "swiss"]
[EventRounds "11"]
[EventCountry "IND"]
[SourceTitle "EXT 1997"]
[Source "ChessBase"]
[SourceDate "1996.11.15"]
[SourceVersion "1"]
[SourceVersionDate "1996.11.15"]
[SourceQuality "1"]

1. e4 e5 2. Nc3 Nf6 3. f4 d5 4. fxe5 Nxe4 5. d3 Nxc3 6. bxc3 d4 7. Nf3 c5 8. Be2 Be7 9. 0-0 0-0 10. Qe1 Nc6 11. Qg3 Bf5 12. Nxd4 Nxd4 13. cxd4 Qxd4+ 14. Be3 Qd7 15. Bf3 Rab8 16. Rad1 Bg6 17. c3 f6 18. exf6 gxf6 19. Bh5 Bd6 20. Qh4 Qf7 21. Bxg6 Qxg6 22. Rf3 Rbe8 23. Rdf1 f5 24. d4 Re4 25. Qf2 f4 26. dxc5 Rxe3 27. cxd6 Rxf3 28. Qxf3 Qxd6 29. Rd1 Qb6+ 30. Kf1 Qa6+ 31. Qe2 f3 32. Qxa6 fxg2+ 33. Kxg2 bxa6 34. Rc1 Rb8 35. Rc2 Kf7 36. c4 Ke6 37. Kf3 Kd6 38. c5+ Kc6 39. Kf4 a5 40. h4 Rg8 41. Kf5 h5 42. Rc4 Kb5 43. Rc3 Kc6 44. Rc4 Kb5 45. Rf4 Kxc5 1/2-1/2

[Event "Dhaka"]
[Site "Dhaka"]
[Date "1993.??.??"]
[Round "?"]
[White "Barua, Dibyendu"]
[Black "Rahman, Zillur"]
[Result "1-0"]
[WhiteElo "2530"]
[BlackElo "2320"]
[PlyCount "67"]
[EventDate "1993.??.??"]
[EventType "tourn"]
[EventRounds "11"]
[EventCountry "BAN"]
[EventCategory "7"]
[SourceTitle "EXT 1997"]
[Source "ChessBase"]
[SourceDate "1996.11.15"]
[SourceVersion "1"]
[SourceVersionDate "1996.11.15"]
[SourceQuality "1"]

1. e4 e6 2. Nf3 d5 3. e5 c5 4. c3 Nc6 5. d4 Qb6 6. a3 Bd7 7. Be2 a5 8. a4 Nh6 9. Na3 cxd4 10. cxd4 Nf5 11. Nb5 Bb4+ 12. Kf1 h5 13. g3 h4 14. g4 Nfe7 15. Bd2 f6 16. Bxb4 axb4 17. Nd6+ Kf8 18. exf6 gxf6 19. Qd2 Kg7 20. g5 f5 21. g6 Ng8 22. Nf7 Nf6 23. Nxh8 Ne4 24. Qf4 Rxh8 25. a5 Nxa5 26. Qe5+ Nf6 27. Ng5 Nc6 28. Nxe6+ Bxe6 29. Qxe6 Qxd4 30. Qf7+ Kh6 31. g7 Rg8 32. Rg1 Ng4 33. Rxg4 fxg4 34. Qxg8 1-0

[Event "New York op"]
[Site "New York"]
[Date "1993.??.??"]
[Round "3"]
[White "Rahman, Zillur"]
[Black "Almasi, Zoltan"]
[Result "0-1"]
[WhiteElo "2320"]
[BlackElo "2490"]
[PlyCount "102"]
[EventDate "1993.04.07"]
[EventType "swiss"]
[EventRounds "9"]
[EventCountry "USA"]
[SourceTitle "TD"]
[Source "ChessBase"]
[SourceDate "1994.03.01"]
[SourceVersion "1"]
[SourceVersionDate "1994.03.01"]
[SourceQuality "1"]

1. e4 e5 2. f4 exf4 3. Bc4 Nf6 4. Nc3 c6 5. d4 d5 6. exd5 cxd5 7. Bb5+ Bd7 8. Bxd7+ Nbxd7 9. Bxf4 Bb4 10. Nge2 0-0 11. 0-0 Qb6 12. Qd3 Rac8 13. Rab1 Qc6 14. Kh1 Rfe8 15. Rbc1 Qc4 16. Rcd1 Qxd3 17. Rxd3 Nb6 18. a3 Bxc3 19. Nxc3 Ne4 20. Nxe4 dxe4 21. Rd2 Nd5 22. Re2 Re6 23. Bc1 g6 24. g4 f6 25. Kg2 b5 26. c3 a5 27. Bh6 Kf7 28. Kg3 a4 29. Bc1 Ke7 30. h4 Rf8 31. h5 f5 32. Bg5+ Kd7 33. gxf5 gxf5 34. Ref2 f4+ 35. Bxf4 e3 36. Bxe3 Rxe3+ 37. Kh4 Rxf2 38. Rxf2 h6 39. Rf5 Ke6 40. Rf8 Re4+ 41. Kg3 Re2 42. Rb8 Rxb2 43. Rh8 Rb3 44. Rxh6+ Kf5 45. Rd6 Rxc3+ 46. Kf2 Nf6 47. Rb6 Rxa3 48. Rxb5+ Ke4 49. Kg2 Ng4 50. Rg5 Kf4 51. Rg8 Rg3+ 0-1

[Event "Dhaka"]
[Site "Dhaka"]
[Date "1993.??.??"]
[Round "?"]
[White "Rahman, Zillur"]
[Black "Murshed, Niaz"]
[Result "0-1"]
[WhiteElo "2320"]
[BlackElo "2520"]
[PlyCount "98"]
[EventDate "1993.??.??"]
[EventType "tourn"]
[EventRounds "11"]
[EventCountry "BAN"]
[EventCategory "7"]
[SourceTitle "EXT 1997"]
[Source "ChessBase"]
[SourceDate "1996.11.15"]
[SourceVersion "1"]
[SourceVersionDate "1996.11.15"]
[SourceQuality "1"]

1. e4 g6 2. d4 d6 3. Nc3 c6 4. Be3 Nf6 5. h3 Bg7 6. f4 0-0 7. e5 Nd5 8. Nxd5 cxd5 9. Bd3 Qb6 10. Nf3 Qxb2 11. Rb1 Qc3+ 12. Kf2 Qc7 13. h4 h5 14. Nh2 dxe5 15. dxe5 d4 16. Bd2 Nd7 17. Bb4 Nb6 18. Ba5 Be6 19. g4 hxg4 20. Nxg4 Qd7 21. Rg1 Nc4 22. Bb4 Ne3 23. Nxe3 dxe3+ 24. Kxe3 Rfd8 25. Bc3 Bxa2 26. Rb4 Qh3+ 27. Kd2 a5 28. Ra4 Bb3 29. Rd4 Qxh4 30. Qf3 Rxd4 31. Bxd4 Rd8 32. Rh1 Bd5 33. Rxh4 Bxf3 34. Bb6 Ra8 35. e6 f5 36. Ke3 Bd5 37. Rh2 Bxe6 38. c4 a4 39. Ra2 a3 40. Bc5 Bb2 41. Bxe7 Re8 42. Bxa3 Bxc4+ 43. Kd2 Bxa2 44. Bxb2 Kf7 45. Bd4 Bd5 46. Kc3 Re1 47. Kb4 Ke6 48. Kc5 Rd1 49. Bb5 b6+ 0-1

[Event "Dhaka"]
[Site "Dhaka"]
[Date "1993.??.??"]
[Round "?"]
[White "Rahman, Zillur"]
[Black "Rahman, Ziaur"]
[Result "0-1"]
[WhiteElo "2320"]
[BlackElo "2430"]
[PlyCount "76"]
[EventDate "1993.??.??"]
[EventType "tourn"]
[EventRounds "11"]
[EventCountry "BAN"]
[EventCategory "7"]
[SourceTitle "EXT 1997"]
[Source "ChessBase"]
[SourceDate "1996.11.15"]
[SourceVersion "1"]
[SourceVersionDate "1996.11.15"]
[SourceQuality "1"]

1. e4 c5 2. Nf3 Nc6 3. d4 cxd4 4. Nxd4 Qc7 5. Nc3 e6 6. Be3 a6 7. Be2 Nf6 8. 0-0 Bb4 9. Na4 0-0 10. c4 Bd6 11. g3 Nxe4 12. Bf3 Nf6 13. c5 Nxd4 14. Qxd4 Be5 15. Qh4 d5 16. cxd6 Bxd6 17. Nb6 Rb8 18. Rac1 Qe7 19. Rfd1 Rd8 20. Rd2 Bd7 21. Rcd1 Bb5 22. a4 Be8 23. g4 Bc7 24. g5 Rxd2 25. Rxd2 Nd7 26. Be4 Nf8 27. b4 Ng6 28. Bxg6 fxg6 29. Rd3 Bc6 30. Bc5 Qf7 31. Rh3 Qf5 32. f3 Rd8 33. Nc4 Bxf3 34. Be3 Qb1+ 35. Kf2 Bh5 36. Bd4 Rf8+ 37. Kg2 Rf4 38. Qg3 Qe4+ 0-1

[Event "New York op"]
[Site "New York"]
[Date "1993.??.??"]
[Round "8"]
[White "Rahman, Zillur"]
[Black "Ritter, Mark"]
[Result "1/2-1/2"]
[WhiteElo "2320"]
[BlackElo "2390"]
[PlyCount "79"]
[EventDate "1993.04.07"]
[EventType "swiss"]
[EventRounds "9"]
[EventCountry "USA"]
[SourceTitle "TD"]
[Source "ChessBase"]
[SourceDate "1994.03.01"]
[SourceVersion "1"]
[SourceVersionDate "1994.03.01"]
[SourceQuality "1"]

1. e4 e5 2. f4 Bc5 3. Nf3 d5 4. exd5 e4 5. Qe2 Nf6 6. d3 Bf5 7. Nc3 Bb4 8. dxe4 Bxc3+ 9. bxc3 Bxe4 10. Ba3 Qxd5 11. Ng5 Nbd7 12. Rd1 Qc6 13. Qc4 0-0-0 14. Qxc6 Bxc6 15. Bd3 Rde8+ 16. Kd2 Ne4+ 17. Bxe4 Bxe4 18. Nxf7 Rhg8 19. Rde1 Bd5 20. Ne5 Bxg2 21. Rhg1 Bd5 22. Nxd7 Kxd7 23. Rxe8 Kxe8 24. Bc5 b6 25. Re1+ Kd8 26. Bd4 Kd7 27. a3 g6 28. Kd3 Be6 29. c4 c5 30. Bf6 Rf8 31. Bg5 h6 32. Bxh6 Rh8 33. Bg5 Rxh2 34. Kc3 Bf5 35. Re7+ Kc6 36. Rxa7 Rxc2+ 37. Kb3 Bd3 38. Re7 Rc1 39. Re6+ Kb7 40. Rd6 1/2-1/2

[Event "Dhaka"]
[Site "Dhaka"]
[Date "1993.??.??"]
[Round "?"]
[White "Rahman, Zillur"]
[Black "Vaidya, Arun Bhaskar"]
[Result "1/2-1/2"]
[WhiteElo "2320"]
[BlackElo "2385"]
[PlyCount "63"]
[EventDate "1993.??.??"]
[EventType "tourn"]
[EventRounds "11"]
[EventCountry "BAN"]
[EventCategory "7"]
[SourceTitle "EXT 1997"]
[Source "ChessBase"]
[SourceDate "1996.11.15"]
[SourceVersion "1"]
[SourceVersionDate "1996.11.15"]
[SourceQuality "1"]

1. e4 c5 2. Nf3 e6 3. d4 cxd4 4. Nxd4 a6 5. Nc3 Qc7 6. Bd3 Nc6 7. Be3 b5 8. 0-0 Bb7 9. Qe2 Nf6 10. f4 d6 11. Kh1 Be7 12. a3 0-0 13. Rf3 Nxd4 14. Bxd4 e5 15. Be3 Ng4 16. Rh3 Nxe3 17. Qxe3 Bf6 18. Nd5 Bxd5 19. exd5 g6 20. f5 e4 21. Qxe4 Bxb2 22. Rf1 Qc3 23. Rxh7 Kxh7 24. fxg6+ Kg8 25. gxf7+ Rxf7 26. Rxf7 Kxf7 27. Qe6+ Kg7 28. Qg6+ Kf8 29. Qxd6+ Kf7 30. Qe6+ Kf8 31. Qd6+ Kf7 32. Qd7+ 1/2-1/2

[Event "Asia-chT fin 09th"]
[Site "Penang"]
[Date "1991.10.25"]
[Round "2"]
[White "Tu, Hoang Thong"]
[Black "Rahman, Zillur"]
[Result "1-0"]
[WhiteElo "2405"]
[BlackElo "2380"]
[PlyCount "77"]
[EventDate "1991.10.24"]
[EventType "team"]
[EventRounds "9"]
[EventCountry "MAS"]
[SourceTitle "EXT 1997"]
[Source "ChessBase"]
[SourceDate "1996.11.15"]
[SourceVersion "1"]
[SourceVersionDate "1996.11.15"]
[SourceQuality "1"]
[WhiteTeam "Vietnam"]
[BlackTeam "Bangladesh"]
[WhiteTeamCountry "VIE"]
[BlackTeamCountry "BAN"]

1. e4 e6 2. d4 d5 3. Nc3 Bb4 4. Nge2 dxe4 5. a3 Bxc3+ 6. Nxc3 Nc6 7. Bb5 Nge7 8. Bg5 f6 9. Be3 0-0 10. Qd2 f5 11. 0-0-0 Nd5 12. Nxd5 exd5 13. Bxc6 bxc6 14. Bg5 Qd6 15. Bf4 Qe7 16. Qc3 Be6 17. h4 Rab8 18. Rh3 Rb5 19. Rg3 Rfb8 20. Be5 g6 21. Rh1 c5 22. h5 g5 23. h6 Rxb2 24. Rh5 Rb1+ 25. Kd2 g4 26. Qe3 Kf7 27. Rg5 Rg8 28. Rxg8 Kxg8 29. dxc5 c6 30. Qf4 Kf7 31. Rxg4 Qxc5 32. Rg7+ Ke8 33. Qe3 d4 34. Bxd4 Qd6 35. Qc3 Qf4+ 36. Ke2 Bd5 37. Bc5 Be6 38. Re7+ Kd8 39. Qh8+ 1-0

[Event "Asia-chT fin 09th"]
[Site "Penang"]
[Date "1991.10.24"]
[Round "1"]
[White "Madhavan, Collin"]
[Black "Rahman, Zillur"]
[Result "1-0"]
[WhiteElo "2225"]
[BlackElo "2380"]
[PlyCount "53"]
[EventDate "1991.10.24"]
[EventType "team"]
[EventRounds "9"]
[EventCountry "MAS"]
[SourceTitle "EXT 1997"]
[Source "ChessBase"]
[SourceDate "1996.11.15"]
[SourceVersion "1"]
[SourceVersionDate "1996.11.15"]
[SourceQuality "1"]
[WhiteTeam "Malaysia II"]
[BlackTeam "Bangladesh"]
[WhiteTeamCountry "MAS"]
[BlackTeamCountry "BAN"]

1. e4 e6 2. d4 d5 3. Nc3 Bb4 4. e5 c5 5. a3 Bxc3+ 6. bxc3 Ne7 7. Nf3 Bd7 8. a4 Qa5 9. Qd2 Nbc6 10. Be2 Rc8 11. dxc5 Ng6 12. 0-0 Ngxe5 13. Nxe5 Nxe5 14. Qg5 Ng6 15. c4 dxc4 16. c6 Qxg5 17. cxd7+ Kxd7 18. Bxg5 f6 19. Be3 b6 20. Rfd1+ Ke7 21. Rd4 Rhd8 22. Rad1 Rxd4 23. Rxd4 c3 24. Bc1 Rc7 25. Ba3+ Kf7 26. Bb5 Ne5 27. Bd6 1-0

[Event "BCF-ch 78th"]
[Site "Eastbourne"]
[Date "1991.??.??"]
[Round "9"]
[White "Rahman, Zillur"]
[Black "Parker, Jonathan"]
[Result "1/2-1/2"]
[WhiteElo "2395"]
[BlackElo "2310"]
[PlyCount "112"]
[EventDate "1991.07.??"]
[EventType "swiss"]
[EventRounds "11"]
[EventCountry "ENG"]
[SourceTitle "EXT 1997"]
[Source "ChessBase"]
[SourceDate "1996.11.15"]
[SourceVersion "1"]
[SourceVersionDate "1996.11.15"]
[SourceQuality "1"]

1. d4 d5 2. c4 e6 3. Nc3 Nf6 4. cxd5 exd5 5. Bg5 c6 6. Qc2 Na6 7. a3 Nc7 8. e3 Be7 9. Bd3 h6 10. Bh4 0-0 11. Nge2 Ne6 12. 0-0 b6 13. b4 Bb7 14. Rfd1 a6 15. Bf5 Nd7 16. Bg3 Re8 17. e4 dxe4 18. d5 cxd5 19. Nxd5 Bf6 20. Rab1 Be5 21. Bxe4 Rc8 22. Qa2 Ba8 23. Ndc3 Bxg3 24. hxg3 Qe7 25. Bxa8 Rxa8 26. Nd5 Qg5 27. Nec3 Rac8 28. Ne4 Qe5 29. Nd6 Qxd6 30. Nf6+ Nxf6 31. Rxd6 Ne4 32. Rd3 Nc3 33. Rxc3 Rxc3 34. Rd1 Rec8 35. a4 R3c4 36. Qb2 a5 37. bxa5 bxa5 38. Qb5 R4c5 39. Qb6 h5 40. Rd7 Re5 41. Rd1 Rec5 42. Qb7 R8c7 43. Qf3 g6 44. Qf6 Rc1 45. Rxc1 Rxc1+ 46. Kh2 Rc5 47. f3 Rf5 48. Qc3 Rc5 49. Qd2 Kg7 50. Qe2 Rf5 51. Qe4 Kh7 52. Kg1 Kg7 53. Qb7 Rc5 54. Kf1 Rc1+ 55. Kf2 Rc2+ 56. Kg1 Rc1+ 1/2-1/2

[Event "Olympiad-29"]
[Site "Novi Sad"]
[Date "1990.11.30"]
[Round "12"]
[White "Fauland, Alexander"]
[Black "Rahman, Zillur"]
[Result "1-0"]
[WhiteElo "2455"]
[BlackElo "2415"]
[PlyCount "87"]
[EventDate "1990.11.17"]
[EventType "team-swiss"]
[EventRounds "14"]
[EventCountry "YUG"]
[SourceTitle "EXT 2019"]
[Source "ChessBase"]
[SourceDate "2018.10.10"]
[SourceVersion "1"]
[SourceVersionDate "2018.10.10"]
[SourceQuality "1"]
[WhiteTeam "Austria"]
[BlackTeam "Bangladesh"]
[WhiteTeamCountry "AUT"]
[BlackTeamCountry "BAN"]

1. d4 d5 2. Nf3 Nf6 3. Bf4 e6 4. e3 Be7 5. Bd3 c5 6. c3 0-0 7. Nbd2 b6 8. Ne5 Bb7 9. g4 Nbd7 10. Rg1 cxd4 11. exd4 Nxe5 12. Bxe5 Nd7 13. g5 g6 14. Nf3 Nxe5 15. Nxe5 Bxg5 16. Qg4 Qe7 17. Qxg5 Qxg5 18. Rxg5 f6 19. Nxg6 fxg5 20. Nxf8 Rxf8 21. a4 Bc6 22. Ke2 Rf4 23. a5 b5 24. a6 e5 25. dxe5 Kf7 26. Bxh7 Ke6 27. Rg1 g4 28. Bg6 Kxe5 29. Bh5 Bd7 30. f3 gxf3+ 31. Bxf3 Bc8 32. Ke3 Bxa6 33. Rg5+ Rf5 34. Rxf5+ Kxf5 35. Kd4 Bc8 36. b4 Kf6 37. Bxd5 a6 38. Bg2 Ke7 39. Kc5 Kf6 40. Kd6 Kg5 41. Kc7 Bf5 42. Kb6 Kf4 43. Kxa6 Bd3 44. Bc6 1-0

[Event "Olympiad-29"]
[Site "Novi Sad"]
[Date "1990.11.25"]
[Round "8"]
[White "Rahman, Zillur"]
[Black "Arduman, Can"]
[Result "0-1"]
[WhiteElo "2415"]
[BlackElo "2375"]
[PlyCount "64"]
[EventDate "1990.11.17"]
[EventType "team-swiss"]
[EventRounds "14"]
[EventCountry "YUG"]
[SourceTitle "EXT 2019"]
[Source "ChessBase"]
[SourceDate "2018.10.10"]
[SourceVersion "1"]
[SourceVersionDate "2018.10.10"]
[SourceQuality "1"]
[WhiteTeam "Bangladesh"]
[BlackTeam "Turkey"]
[WhiteTeamCountry "BAN"]
[BlackTeamCountry "TUR"]

1. e4 d6 2. d4 Nf6 3. Nc3 g6 4. f4 Bg7 5. Nf3 0-0 6. Be2 c5 7. dxc5 Qa5 8. 0-0 Qxc5+ 9. Kh1 Bg4 10. Qe1 Nc6 11. Bd3 Nb4 12. Be3 Nxd3 13. cxd3 Qa5 14. Nd4 Bd7 15. f5 b5 16. Qh4 b4 17. Nce2 Qa6 18. Nf4 Rae8 19. Rf3 e5 20. fxe6 fxe6 21. Rg3 e5 22. Nxg6 hxg6 23. Rxg6 exd4 24. Rxg7+ Kxg7 25. Qg5+ Kf7 26. Rf1 Ke7 27. Bxd4 Kd8 28. Bxf6+ Kc8 29. Rc1+ Kb8 30. Be7 Rf7 31. Bd8 Qxd3 32. Bc7+ Kb7 0-1

[Event "Olympiad-29"]
[Site "Novi Sad"]
[Date "1990.11.23"]
[Round "6"]
[White "Rahman, Zillur"]
[Black "Marin, Mihail"]
[Result "0-1"]
[WhiteElo "2415"]
[BlackElo "2485"]
[PlyCount "106"]
[EventDate "1990.11.17"]
[EventType "team-swiss"]
[EventRounds "14"]
[EventCountry "YUG"]
[SourceTitle "EXT 2019"]
[Source "ChessBase"]
[SourceDate "2018.10.10"]
[SourceVersion "1"]
[SourceVersionDate "2018.10.10"]
[SourceQuality "1"]
[WhiteTeam "Bangladesh"]
[BlackTeam "Romania"]
[WhiteTeamCountry "BAN"]
[BlackTeamCountry "ROU"]

1. e4 e5 2. Nf3 Nc6 3. Bc4 Bc5 4. c3 Nf6 5. d4 exd4 6. cxd4 Bb4+ 7. Nc3 Nxe4 8. 0-0 Bxc3 9. d5 Bf6 10. Re1 Ne7 11. Rxe4 d6 12. Bg5 Bxg5 13. Nxg5 h6 14. Qe2 hxg5 15. Re1 Be6 16. dxe6 f6 17. Re3 c6 18. Rh3 Rxh3 19. gxh3 g6 20. Rd1 Kf8 21. h4 gxh4 22. Rd4 Kg7 23. Bd3 Qc7 24. Rxh4 Qa5 25. Rg4 Rh8 26. f4 Qc5+ 27. Kh1 f5 28. Rg1 Qd5+ 29. Rg2 Rh4 30. Qf2 Rg4 31. Bf1 Rxg2 32. Bxg2 Qxe6 33. h3 a5 34. Qd4+ Kf7 35. b3 Qe1+ 36. Kh2 Qb4 37. Qf2 Ng8 38. Qa7 Qxf4+ 39. Kg1 Qc1+ 40. Kh2 Qf4+ 41. Kh1 Ne7 42. Qxb7 Qc1+ 43. Kh2 Qf4+ 44. Kh1 Qe3 45. Qa8 Qe1+ 46. Kh2 f4 47. Bxc6 Qg3+ 48. Kh1 Qxh3+ 49. Kg1 Qe3+ 50. Kh2 Qd2+ 51. Bg2 d5 52. Qh8 f3 53. Qh7+ Kf8 0-1

[Event "Olympiad-29"]
[Site "Novi Sad"]
[Date "1990.11.19"]
[Round "3"]
[White "Rahman, Zillur"]
[Black "Spasov, Vasil"]
[Result "0-1"]
[WhiteElo "2415"]
[BlackElo "2495"]
[PlyCount "74"]
[EventDate "1990.11.17"]
[EventType "team-swiss"]
[EventRounds "14"]
[EventCountry "YUG"]
[SourceTitle "EXT 2019"]
[Source "ChessBase"]
[SourceDate "2018.10.10"]
[SourceVersion "1"]
[SourceVersionDate "2018.10.10"]
[SourceQuality "1"]
[WhiteTeam "Bangladesh"]
[BlackTeam "Bulgaria"]
[WhiteTeamCountry "BAN"]
[BlackTeamCountry "BUL"]

1. e4 c5 2. Nf3 Nc6 3. d4 cxd4 4. Nxd4 Nf6 5. Nc3 e5 6. Ndb5 d6 7. Nd5 Nxd5 8. exd5 Nb8 9. c4 Be7 10. Bd3 0-0 11. 0-0 a6 12. Nc3 f5 13. f3 Nd7 14. Be3 Bg5 15. Bf2 Qf6 16. Qc2 Nc5 17. Be2 a5 18. a3 a4 19. Rae1 Bd7 20. Bxc5 dxc5 21. Bd3 Qh6 22. Nd1 Rae8 23. Re2 Be7 24. Nc3 Bd6 25. g3 e4 26. fxe4 f4 27. Qd2 Bh3 28. Ref2 Bxf1 29. Rxf1 g5 30. Ne2 Kh8 31. Rf3 Qh3 32. Qe1 Qg4 33. Kg2 fxg3 34. Qc3+ Kg8 35. Rxf8+ Rxf8 36. Nxg3 Qf3+ 37. Kg1 Bxg3 0-1

[Event "Olympiad-29"]
[Site "Novi Sad"]
[Date "1990.11.17"]
[Round "1"]
[White "Wians, Camille"]
[Black "Rahman, Zillur"]
[Result "0-1"]
[WhiteElo "2255"]
[BlackElo "2415"]
[PlyCount "80"]
[EventDate "1990.11.17"]
[EventType "team-swiss"]
[EventRounds "14"]
[EventCountry "YUG"]
[SourceTitle "EXT 2019"]
[Source "ChessBase"]
[SourceDate "2018.10.10"]
[SourceVersion "1"]
[SourceVersionDate "2018.10.10"]
[SourceQuality "1"]
[WhiteTeam "Luxembourg"]
[BlackTeam "Bangladesh"]
[WhiteTeamCountry "LUX"]
[BlackTeamCountry "BAN"]

1. d4 d5 2. Nf3 Nf6 3. Bg5 e6 4. e3 Be7 5. Nbd2 Nbd7 6. Bd3 0-0 7. 0-0 b6 8. a4 c5 9. c3 Bb7 10. Qb1 a5 11. Ne5 h6 12. Bf4 Nh5 13. Nxd7 Qxd7 14. Be5 f6 15. Bg3 Nxg3 16. hxg3 e5 17. Bh7+ Kh8 18. Bf5 Qd6 19. Nf3 g5 20. e4 Rad8 21. Re1 exd4 22. cxd4 dxe4 23. Bxe4 Bc8 24. Bf5 Bb7 25. Re6 Qc7 26. Bg4 Bd6 27. Bf5 Bd5 28. Re3 Bxf3 29. Rxf3 cxd4 30. Qe4 Bc5 31. Qg4 Qf7 32. Bd3 Rde8 33. Qh3 Kg7 34. Qf5 Rh8 35. Bb5 Re5 36. Qd3 h5 37. Rf5 Qg6 38. Rxe5 fxe5 39. Qe2 e4 40. Re1 d3 0-1